[Event "DEM U12 2012"]
[Site "Oberhof GER"]
[Date "2012.05.30"]
[Round "7"]
[White "Kololli, Martin"]
[Black "Ovsepyan, Arshak"]
[Result "0-1"]
[Termination "normal"]
[Board "8"]
[WhiteElo "1739"]
[BlackElo "1951"]
[PlyCount "79"]
[WhiteFideId "12936910"]
[BlackFideId "24690236"]
[EventCountry "GER"]
[EventRounds "11"]
[EventType "swiss"]
[EventDate "2012.05.26"]

1. e4 e6 2. d4 d5 3. exd5 exd5 4. c4 Bb4+ 5. Nc3 Ne7 6. Bd3 Nbc6 7. Nge2 Be6 8.
cxd5 Nxd5 9. O-O O-O 10. Be3 Nce7 11. Qc2 h6 12. a3 Bd6 13. Rad1 c6 14. Qd2 Qd7
15. Ne4 Bf5 16. Nxd6 Qxd6 17. Bc4 Bg4 18. Rc1 Nb6 19. Bd3 Bf5 20. Ng3 Bxd3 21.
Qxd3 Nbd5 22. b4 f5 23. f4 a6 24. Rce1 a5 25. b5 cxb5 26. Qxb5 Qxa3 27. Qxb7
Qd6 28. Qb3 a4 29. Qa2 Kh8 30. Bd2 Nc6 31. Rb1 Nxd4 32. Rbd1 Nb3 33. Kh1 Qb6
34. Qa3 Qb7 35. Bc1 Nc3 36. Rd3 Ne4 37. Be3 Nxg3+ 38. hxg3 Rfc8 39. Rf2 Qb5 40.
Rd6 0-1

[Event "DEM U12 2012"]
[Site "Oberhof GER"]
[Date "2012.05.30"]
[Round "7"]
[White "Graf, Clara Victoria"]
[Black "Gauchel, Lorenz"]
[Result "1-0"]
[Termination "normal"]
[Board "9"]
[WhiteElo "1727"]
[BlackElo "1620"]
[PlyCount "115"]
[WhiteFideId "1270339"]
[BlackFideId "12905283"]
[EventCountry "GER"]
[EventRounds "11"]
[EventType "swiss"]
[EventDate "2012.05.26"]

1. e4 Nf6 2. e5 Nd5 3. d4 d6 4. exd6 exd6 5. c4 Nb6 6. Nc3 Nc6 7. Be2 Be7 8.
Nf3 O-O 9. O-O Bg4 10. b3 Bf6 11. Be3 d5 12. c5 Nc8 13. h3 Be6 14. Qd2 N8e7 15.
Bg5 Bxg5 16. Qxg5 Nf5 17. Qf4 Re8 18. Nb5 Rc8 19. Bd3 Qd7 20. Nxa7 Nxa7 21. Ne5
Qe7 22. Bxf5 Qf6 23. g4 g6 24. Qh6 Bxf5 25. gxf5 Qxf5 26. Qh4 Kg7 27. Rfe1 Re6
28. Re3 Qf6 29. Qg4 Qe7 30. Rae1 Re8 31. Kh2 Nc8 32. R1e2 Na7 33. Re1 Nc8 34.
a4 Na7 35. R1e2 Nc8 36. Qf3 c6 37. Kh1 Na7 38. b4 Qc7 39. Kg2 f6 40. Ng4 Qd7
41. Qf4 Qf7 42. Rxe6 Rxe6 43. Rxe6 Qxe6 44. Qc7+ Qf7 45. Qb8 h5 46. Nh2 Qe7 47.
Qxa7 Qe4+ 48. Nf3 g5 49. Qxb7+ Kg6 50. Qc7 h4 51. Qc8 Kg7 52. Qg4 Qb1 53. Qd7+
Kg6 54. Qxc6 Qe4 55. Qc8 Kg7 56. Qg4 Qe7 57. c6 Kg6 58. Nxh4+ 1-0

[Event "DEM U12 2012"]
[Site "Oberhof GER"]
[Date "2012.05.30"]
[Round "7"]
[White "Nguyen, Huy Dat"]
[Black "Bergauz, Noam"]
[Result "1/2-1/2"]
[Termination "normal"]
[Board "10"]
[WhiteElo "1764"]
[BlackElo "1865"]
[PlyCount "55"]
[WhiteFideId "12923486"]
[BlackFideId "12938033"]
[EventCountry "GER"]
[EventRounds "11"]
[EventType "swiss"]
[EventDate "2012.05.26"]

1. c4 Nf6 2. Nf3 g6 3. g3 Bg7 4. Bg2 O-O 5. O-O d6 6. Nc3 Nc6 7. d3 e5 8. Ne1
Ne8 9. Nc2 f5 10. Ne3 Ne7 11. Rb1 Rb8 12. Ned5 c6 13. Nxe7+ Qxe7 14. Qc2 Nc7
15. b4 Be6 16. Be3 a6 17. a4 Qd7 18. a5 d5 19. Bc5 Rfd8 20. Rfd1 dxc4 21. dxc4
Qf7 22. Na4 Bxc4 23. Rxd8+ Rxd8 24. Bb6 Bd5 25. Nc5 Rb8 26. Bxc7 Qxc7 27. Nxa6
bxa6 28. Bxd5+ 1/2-1/2

[Event "DEM U12 2012"]
[Site "Oberhof GER"]
[Date "2012.05.30"]
[Round "7"]
[White "Burg, Niclas"]
[Black "Buckels, Valentin"]
[Result "1-0"]
[Termination "normal"]
[Board "11"]
[WhiteElo "1614"]
[BlackElo "1805"]
[PlyCount "63"]
[WhiteFideId "1271968"]
[BlackFideId "12942766"]
[EventCountry "GER"]
[EventRounds "11"]
[EventType "swiss"]
[EventDate "2012.05.26"]

1. e4 e5 2. Nf3 Nc6 3. Bb5 a6 4. Bxc6 dxc6 5. d4 exd4 6. Nxd4 Nf6 7. Nc3 Bc5 8.
Be3 Bb6 9. f3 O-O 10. Qd2 Qe7 11. O-O-O Be6 12. g4 Rad8 13. Qf2 Ba5 14. Nxe6
fxe6 15. Bc5 Qf7 16. Bxf8 Qxf8 17. Rxd8 Qxd8 18. Qc5 Bb6 19. Qc4 Qd6 20. Rd1
Qf4+ 21. Kb1 Kf7 22. Qe2 Ba7 23. h4 h6 24. Rd3 Qg3 25. h5 Ke7 26. Rd1 b5 27.
Qd3 Bb6 28. Ne2 Qh2 29. Nd4 c5 30. Nc6+ Kf7 31. Qd8 Qe2 32. Ne5# 1-0

[Event "DEM U12 2012"]
[Site "Oberhof GER"]
[Date "2012.05.30"]
[Round "7"]
[White "Reuker, Jari"]
[Black "Kololli, Kevin"]
[Result "1-0"]
[Termination "normal"]
[Board "12"]
[WhiteElo "1771"]
[BlackElo "1767"]
[PlyCount "81"]
[WhiteFideId "12909300"]
[BlackFideId "12936863"]
[EventCountry "GER"]
[EventRounds "11"]
[EventType "swiss"]
[EventDate "2012.05.26"]

1. e4 e5 2. Nf3 Nc6 3. d4 exd4 4. Nxd4 Bc5 5. Nb3 Bb6 6. Qe2 Qf6 7. Nc3 Nge7 8.
Be3 O-O 9. f3 d6 10. O-O-O a5 11. Bxb6 cxb6 12. a4 Be6 13. Qe3 Bxb3 14. cxb3
Rac8 15. Kb1 Nb4 16. g4 Rfd8 17. Bc4 Rc5 18. h4 d5 19. exd5 Qg6+ 20. Qe4 Nc8
21. Qxg6 hxg6 22. Ne4 Nd6 23. Nxc5 bxc5 24. Rhe1 Kf8 25. Kc1 Rd7 26. Re3 f6 27.
Re6 Kf7 28. Kb1 Kf8 29. Rd2 Kf7 30. Rh2 Nxc4 31. bxc4 Nd3 32. b3 Ne5 33. Rf2
Rd8 34. Kc2 Rd7 35. Kc3 Rd8 36. Rf1 Kf8 37. g5 Kf7 38. f4 Nc6 39. Rfe1 Nd4 40.
Re7+ Kf8 41. Rxb7 1-0

[Event "DEM U12 2012"]
[Site "Oberhof GER"]
[Date "2012.05.30"]
[Round "7"]
[White "Greßmann, Moritz"]
[Black "Vuckovic, Zarko"]
[Result "1/2-1/2"]
[Termination "normal"]
[Board "13"]
[WhiteElo "1821"]
[BlackElo "1458"]
[PlyCount "80"]
[WhiteFideId "24695084"]
[BlackFideId "12952087"]
[EventCountry "GER"]
[EventRounds "11"]
[EventType "swiss"]
[EventDate "2012.05.26"]

1. e4 e6 2. d4 d5 3. exd5 exd5 4. Bd3 Bd6 5. Ne2 Ne7 6. O-O c6 7. Bf4 O-O 8. c3
Bf5 9. Bxd6 Qxd6 10. Ng3 Bxd3 11. Qxd3 Nd7 12. Nd2 Rfe8 13. Rfe1 Qg6 14. Qf3
Qf6 15. Qg4 Nb6 16. b3 Ng6 17. Nh5 Qh4 18. Qxh4 Nxh4 19. Nf1 Ng6 20. Ne3 Nf8
21. Nf5 Ne6 22. Re3 Kf8 23. Nhg3 g6 24. Nh4 Nc7 25. Rae1 Rxe3 26. Rxe3 Re8 27.
Rxe8+ Nxe8 28. Nf3 f6 29. Nd2 Nd6 30. Kf1 Nb5 31. Nb1 a5 32. Ke2 a4 33. Kd3 Ke7
34. c4 Nc7 35. Nc3 axb3 36. axb3 Ne6 37. Nge2 Nc7 38. Nd1 Nd7 39. Ne3 Kd6 40.
b4 b5 1/2-1/2

[Event "DEM U12 2012"]
[Site "Oberhof GER"]
[Date "2012.05.30"]
[Round "7"]
[White "Schröder, Kevin"]
[Black "Krüger, David"]
[Result "1-0"]
[Termination "normal"]
[Board "14"]
[WhiteElo "2036"]
[BlackElo "1762"]
[PlyCount "95"]
[WhiteFideId "12929840"]
[BlackFideId "12921858"]
[EventCountry "GER"]
[EventRounds "11"]
[EventType "swiss"]
[EventDate "2012.05.26"]

1. d4 d5 2. c4 c6 3. Nf3 Nf6 4. Nc3 dxc4 5. a4 Na6 6. e4 Bg4 7. Bxc4 Bxf3 8.
gxf3 e6 9. Be3 Nb4 10. Qb3 Be7 11. Rg1 O-O 12. O-O-O Qc7 13. e5 Ne8 14. Ne4 b5
15. Bd3 bxa4 16. Qxa4 Nxd3+ 17. Rxd3 a5 18. Rc3 Rc8 19. Nc5 Kh8 20. Kb1 Qa7 21.
d5 exd5 22. Ne6 Qd7 23. Nxf8 Bxf8 24. Rgc1 Qf5+ 25. Qc2 Qxe5 26. Rxc6 Rxc6 27.
Qxc6 Nd6 28. Qa8 Kg8 29. Bc5 d4 30. Bxd6 Qxd6 31. Rc8 Qb4 32. Qd5 a4 33. Rc7
Qe1+ 34. Ka2 Qe6 35. Qxe6 fxe6 36. Rc4 e5 37. Rxa4 Kf7 38. Kb1 Ke6 39. f4 Bd6
40. Kc2 Kd5 41. fxe5 Bxe5 42. Kd3 Bxh2 43. Rxd4+ Kc5 44. Rh4 Be5 45. b4+ Kb6
46. Rxh7 Bf6 47. Kc4 Kc6 48. Rh8 1-0

[Event "DEM U12 2012"]
[Site "Oberhof GER"]
[Date "2012.05.30"]
[Round "7"]
[White "Laubrock, Paul"]
[Black "Sieber, Fiona"]
[Result "1-0"]
[Termination "time forfeit"]
[Board "15"]
[WhiteElo "1648"]
[BlackElo "1771"]
[PlyCount "77"]
[WhiteFideId "1270509"]
[BlackFideId "12902373"]
[EventCountry "GER"]
[EventRounds "11"]
[EventType "swiss"]
[EventDate "2012.05.26"]

1. e4 c5 2. Nf3 d6 3. d4 cxd4 4. Nxd4 Nf6 5. Nc3 Nc6 6. Bg5 e6 7. Qd2 a6 8.
O-O-O Bd7 9. f4 b5 10. Bxf6 gxf6 11. Kb1 h5 12. Rg1 Qb6 13. Nf3 Rc8 14. Bd3 b4
15. Ne2 Na5 16. Ned4 Bh6 17. g3 Nc4 18. Bxc4 Rxc4 19. Qe2 Rc7 20. f5 e5 21. Nb3
Ke7 22. Rg2 Rhc8 23. Ne1 Rc4 24. Qxh5 Be3 25. Qf3 Bc6 26. Re2 Rxe4 27. Rd3 Bg5
28. Rxe4 Qg1 29. Rd1 Rh8 30. Qd3 d5 31. Re2 Kf8 32. Nf3 e4 33. Nxg1 exd3 34.
cxd3 Kg7 35. Nf3 Bh6 36. Rc2 Bd7 37. g4 Bf4 38. h4 Re8 39. Re1 1-0

[Event "DEM U12 2012"]
[Site "Oberhof GER"]
[Date "2012.05.30"]
[Round "7"]
[White "Herbrig, Alexander"]
[Black "Fieberg, Samuel"]
[Result "0-1"]
[Termination "normal"]
[Board "17"]
[WhiteElo "1662"]
[BlackElo "1872"]
[PlyCount "144"]
[WhiteFideId "12952044"]
[BlackFideId "12901717"]
[EventCountry "GER"]
[EventRounds "11"]
[EventType "swiss"]
[EventDate "2012.05.26"]

1. e4 c5 2. Nf3 d6 3. d4 cxd4 4. Nxd4 Nf6 5. Nc3 e5 6. Nb3 Be6 7. Be3 d5 8.
exd5 Nxd5 9. Nxd5 Bxd5 10. c4 Bb4+ 11. Bd2 Bxd2+ 12. Qxd2 Bc6 13. Qxd8+ Kxd8
14. O-O-O+ Kc7 15. Be2 Na6 16. Na5 Nc5 17. Nxc6 bxc6 18. b4 Ne6 19. Rhe1 Nd4
20. Bd3 f6 21. f4 Rae8 22. fxe5 fxe5 23. Be4 g6 24. a4 Re7 25. Kb2 Rhe8 26. Rf1
Rb8 27. Ka3 a6 28. Rf6 Ra8 29. Rdf1 Kd7 30. Rf7 Rc8 31. Rf8 Rce8 32. R8f6 Rc8
33. c5 Re6 34. Rf7+ Re7 35. R1f6 Ne6 36. Bf3 Ke8 37. Rxe6 Kxf7 38. Rd6 e4 39.
Be2 e3 40. Kb2 Re4 41. Kc3 a5 42. bxa5 Rxa4 43. a6 Ke7 44. Rd4 Rxd4 45. Kxd4
Kf6 46. Kxe3 Ke5 47. Bc4 g5 48. g3 Rb8 49. Kd3 Rd8+ 50. Ke3 Rd4 51. Bb3 Rb4 52.
Bd1 Rb2 53. Bf3 Ra2 54. Bxc6 Ra3+ 55. Kf2 Kd4 56. Bb7 Kxc5 57. Kg2 g4 58. Kf2
Kd4 59. Ke2 h5 60. Ke1 Ke3 61. Kf1 Ra1+ 62. Kg2 Ra2+ 63. Kg1 Kd4 64. Kh1 Ke5
65. Kg1 Kf6 66. Kh1 Kg5 67. Kg1 h4 68. gxh4+ Kxh4 69. Kh1 Kh3 70. Kg1 Ra1+ 71.
Kf2 Kxh2 72. Ke3 g3 0-1

[Event "DEM U12 2012"]
[Site "Oberhof GER"]
[Date "2012.05.30"]
[Round "7"]
[White "Peter, Anton"]
[Black "Balazs, Balint"]
[Result "0-1"]
[Termination "normal"]
[Board "18"]
[WhiteElo "1739"]
[BlackElo "1758"]
[PlyCount "64"]
[WhiteFideId "12901660"]
[BlackFideId "12922757"]
[EventCountry "GER"]
[EventRounds "11"]
[EventType "swiss"]
[EventDate "2012.05.26"]

1. Nf3 d5 2. d4 e6 3. c4 c6 4. Nc3 f5 5. cxd5 exd5 6. g3 Nf6 7. Bg2 Bd6 8. Bg5
O-O 9. O-O Be6 10. Rb1 Qe7 11. Qd3 Nbd7 12. a3 Rae8 13. b4 a6 14. Na4 h6 15.
Bxf6 Nxf6 16. Nc5 Bc8 17. e3 Ne4 18. Nd2 g5 19. Ndxe4 fxe4 20. Qe2 g4 21. Nb3
h5 22. Nd2 Qh7 23. Rfc1 Rf7 24. a4 Ref8 25. b5 axb5 26. axb5 Qh6 27. bxc6 bxc6
28. Rxc6 Bd7 29. Ra6 Rxf2 30. Qe1 h4 31. Nf1 h3 32. Bh1 Rxf1+ 0-1

[Event "DEM U12 2012"]
[Site "Oberhof GER"]
[Date "2012.05.30"]
[Round "7"]
[White "Nothnagel, Marian Can"]
[Black "Kreyssig, Bruno"]
[Result "1/2-1/2"]
[Termination "normal"]
[Board "19"]
[WhiteElo "1723"]
[BlackElo "1741"]
[PlyCount "50"]
[WhiteFideId "12921530"]
[BlackFideId "4692489"]
[EventCountry "GER"]
[EventRounds "11"]
[EventType "swiss"]
[EventDate "2012.05.26"]

1. e4 c5 2. Nf3 Nc6 3. d4 cxd4 4. Nxd4 Nf6 5. Nc3 d6 6. Be3 e5 7. Nb3 Be7 8. f3
O-O 9. Qd2 a5 10. a4 Nb4 11. Bb5 Be6 12. O-O d5 13. exd5 Nbxd5 14. Bf2 Qc7 15.
Nxd5 Nxd5 16. Nc1 Rac8 17. c3 Rfd8 18. Qc2 Bc5 19. Bxc5 Qxc5+ 20. Qf2 Nf4 21.
Qxc5 Rxc5 22. Ne2 Nd5 23. Rfd1 Rcc8 24. Kf2 f5 25. Rd2 e4 1/2-1/2

[Event "DEM U12 2012"]
[Site "Oberhof GER"]
[Date "2012.05.30"]
[Round "7"]
[White "Hoppe, Andreas"]
[Black "Rogozenco, Teodora"]
[Result "1-0"]
[Termination "normal"]
[Board "20"]
[WhiteElo "1743"]
[BlackElo "1651"]
[PlyCount "111"]
[WhiteFideId "12922811"]
[BlackFideId "12938084"]
[EventCountry "GER"]
[EventRounds "11"]
[EventType "swiss"]
[EventDate "2012.05.26"]

1. d4 Nf6 2. Nc3 d6 3. Nf3 Nbd7 4. e4 e5 5. d5 c6 6. dxc6 bxc6 7. Bc4 Be7 8.
Bg5 O-O 9. O-O Rb8 10. Bb3 Nc5 11. Qe2 Ba6 12. Bc4 Bxc4 13. Qxc4 Rxb2 14. Na4
Nxa4 15. Qxa4 Qc7 16. Rfd1 Rfb8 17. c3 h6 18. Be3 Ng4 19. Bd2 Qb6 20. Rf1 Bg5
21. Rad1 Bxd2 22. Nxd2 Qc5 23. h3 Nf6 24. Nc4 R2b4 25. cxb4 Rxb4 26. Qa3 Qxc4
27. Rxd6 Ra4 28. Qb3 Nxe4 29. Qxc4 Rxc4 30. Rd8+ Kh7 31. Rd7 Ra4 32. Re1 f6 33.
f3 Ng5 34. Re2 Ne6 35. Rb2 Kg6 36. Re7 Nc5 37. Rc7 Ra6 38. Rc2 Ne6 39. R7xc6
Rxc6 40. Rxc6 Nd4 41. Ra6 Kf5 42. Rxa7 g5 43. a4 e4 44. fxe4+ Kxe4 45. Rh7 Ne2+
46. Kf2 Nc3 47. a5 Kd5 48. a6 Nb5 49. a7 Nxa7 50. Rxa7 h5 51. Ke3 f5 52. Ra5+
Ke6 53. Kd4 f4 54. Ke4 Kf6 55. Ra6+ Kg7 56. Kf5 1-0

[Event "DEM U12 2012"]
[Site "Oberhof GER"]
[Date "2012.05.30"]
[Round "7"]
[White "Hartmann, Martin"]
[Black "Ott, Josef Sebastian"]
[Result "1/2-1/2"]
[Termination "normal"]
[Board "21"]
[WhiteElo "1728"]
[BlackElo "1478"]
[PlyCount "78"]
[WhiteFideId "12911925"]
[BlackFideId "12952079"]
[EventCountry "GER"]
[EventRounds "11"]
[EventType "swiss"]
[EventDate "2012.05.26"]

1. e4 e5 2. Nf3 Nc6 3. d4 exd4 4. Bc4 Bc5 5. c3 dxc3 6. Bxf7+ Kf8 7. Bxg8 Rxg8
8. Nxc3 d6 9. O-O Bg4 10. h3 Bh5 11. Be3 Bxe3 12. fxe3 Ke7 13. Nd5+ Kd7 14. e5
Kc8 15. exd6 Qxd6 16. Rc1 Rd8 17. e4 Kb8 18. Qb3 Bxf3 19. Rxf3 Nd4 20. Qe3
Nxf3+ 21. Qxf3 c6 22. Ne3 a6 23. Rd1 Qc7 24. Rxd8+ Qxd8 25. e5 Ka7 26. e6 Qe7
27. Qe4 Re8 28. Nf5 Qxe6 29. Qd4+ b6 30. Qxg7+ Ka8 31. Qxh7 Qe1+ 32. Kh2 Qe5+
33. Ng3 Qxb2 34. Qd7 Rb8 35. Qxc6+ Ka7 36. a4 Qf2 37. h4 Rb7 38. Qg6 Qf4 39.
Qe4 Rf7 1/2-1/2

[Event "DEM U12 2012"]
[Site "Oberhof GER"]
[Date "2012.05.30"]
[Round "7"]
[White "Abbasov, Amil"]
[Black "Müller, Elias"]
[Result "0-1"]
[Termination "normal"]
[Board "22"]
[WhiteElo "1716"]
[BlackElo "1703"]
[PlyCount "100"]
[WhiteFideId "12930300"]
[BlackFideId "12917133"]
[EventCountry "GER"]
[EventRounds "11"]
[EventType "swiss"]
[EventDate "2012.05.26"]

1. e4 e5 2. Bc4 Nf6 3. d4 Nxe4 4. dxe5 Nxf2 5. Qf3 Qe7 6. Bxf7+ Qxf7 7. Qxf2
Qxf2+ 8. Kxf2 Bc5+ 9. Ke1 O-O 10. Nf3 b6 11. Bd2 Bb7 12. Rf1 a5 13. a4 Nc6 14.
Bc3 Rae8 15. Kd2 Nxe5 16. Na3 Nxf3+ 17. gxf3 Be3+ 18. Kd1 Bxf3+ 19. Ke1 Bh6+
20. Kf2 Re2+ 21. Kg3 Re3 22. Bd4 Be2+ 23. Bxe3 Rxf1 24. Rxf1 Bxf1 25. Bxh6 gxh6
26. Nb1 Kf7 27. Nc3 Ke6 28. Kh4 Ke5 29. Kh5 Bc4 30. Kxh6 c6 31. h4 d5 32. Kxh7
d4 33. Nb1 d3 34. c3 Ba2 35. Nd2 Kf4 36. h5 Ke3 37. h6 Kxd2 38. Kg7 Kc1 39. h7
d2 40. h8=Q d1=Q 41. Qh6+ Kxb2 42. Qxc6 Qg4+ 43. Kf8 Qg8+ 44. Ke7 Qf7+ 45. Kd8
Qd5+ 46. Qxd5 Bxd5 47. Kc7 Kxc3 48. Kxb6 Kb4 49. Kc7 Kxa4 50. Kd6 Kb3 0-1

[Event "DEM U12 2012"]
[Site "Oberhof GER"]
[Date "2012.05.30"]
[Round "7"]
[White "Diener, Carolin Valeria"]
[Black "Wächter, Nathalie"]
[Result "1-0"]
[Termination "normal"]
[Board "23"]
[WhiteElo "1745"]
[BlackElo "1656"]
[PlyCount "93"]
[WhiteFideId "24699063"]
[BlackFideId "12921033"]
[EventCountry "GER"]
[EventRounds "11"]
[EventType "swiss"]
[EventDate "2012.05.26"]

1. e4 e5 2. Nf3 Nc6 3. Bb5 a6 4. Bxc6 dxc6 5. O-O Bg4 6. h3 h5 7. d3 Qf6 8.
Nbd2 Ne7 9. Re1 Ng6 10. d4 Nf4 11. hxg4 hxg4 12. g3 gxf3 13. Qxf3 Nh3+ 14. Kg2
Qe6 15. Qf5 exd4 16. Qxe6+ fxe6 17. Rh1 Bc5 18. f3 O-O-O 19. Rxh3 Rxh3 20. Kxh3
d3 21. Nb3 Bb6 22. Bg5 Rd7 23. cxd3 Rxd3 24. Kg4 a5 25. Rh1 Kb8 26. Rh8+ Ka7
27. Rg8 Rd7 28. Bf4 a4 29. Nd2 Bd4 30. Nc4 Bxb2 31. Nxb2 b5 32. Be3+ Kb7 33.
Re8 a3 34. Na4 bxa4 35. Rxe6 Rd1 36. Re5 Ra1 37. Ra5 Rxa2 38. Ra7+ Kb8 39. Rxa4
c5 40. Bxc5 Rc2 41. Bxa3 c5 42. Ra5 c4 43. Bd6+ Kc8 44. Ra7 g6 45. Rc7+ Kd8 46.
e5 Ke8 47. e6 1-0

[Event "DEM U12 2012"]
[Site "Oberhof GER"]
[Date "2012.05.30"]
[Round "7"]
[White "Piskaykin, Bogdan"]
[Black "Simon, Tessa"]
[Result "1-0"]
[Termination "normal"]
[Board "24"]
[WhiteElo "1560"]
[BlackElo "1438"]
[PlyCount "37"]
[WhiteFideId "12941212"]
[BlackFideId "12929395"]
[EventCountry "GER"]
[EventRounds "11"]
[EventType "swiss"]
[EventDate "2012.05.26"]

1. e4 c5 2. Nf3 Nc6 3. Bb5 e6 4. d3 Nge7 5. c3 a6 6. Ba4 b5 7. Bc2 Ng6 8. O-O
Be7 9. d4 O-O 10. d5 Nce5 11. Nxe5 Nxe5 12. f4 Ng6 13. d6 Bh4 14. g3 Bb7 15.
gxh4 Qxh4 16. Qe1 Qg4+ 17. Qg3 Qe2 18. Bd1 Qc4 19. Nd2 1-0

[Event "DEM U12 2012"]
[Site "Oberhof GER"]
[Date "2012.05.30"]
[Round "7"]
[White "Hesse, Henrik"]
[Black "Spitzl, Vinzent"]
[Result "0-1"]
[Termination "normal"]
[Board "25"]
[WhiteElo "1489"]
[BlackElo "1725"]
[PlyCount "54"]
[WhiteFideId "12952060"]
[BlackFideId "12901253"]
[EventCountry "GER"]
[EventRounds "11"]
[EventType "swiss"]
[EventDate "2012.05.26"]

1. e4 c5 2. Nf3 d6 3. d4 cxd4 4. Nxd4 Nf6 5. Nc3 g6 6. Be3 Bg7 7. f3 O-O 8. Qd2
Nc6 9. Bc4 Bd7 10. O-O Rc8 11. Bb3 Na5 12. Rad1 Nc4 13. Bxc4 Rxc4 14. Nce2 b5
15. c3 a5 16. Ng3 b4 17. h3 bxc3 18. bxc3 Qc7 19. Nde2 Rb8 20. Rb1 Ba4 21. Qd3
Rxb1 22. Rxb1 Nd7 23. Bd4 Bxd4+ 24. cxd4 Bc2 25. Rb7 Bxd3 26. Rxc7 Rxc7 27. Nf4
Bc4 0-1

[Event "DEM U12 2012"]
[Site "Oberhof GER"]
[Date "2012.05.30"]
[Round "7"]
[White "Schirra, Maurice"]
[Black "Wachsmann, Dietmar"]
[Result "1-0"]
[Termination "normal"]
[Board "26"]
[WhiteElo "1617"]
[BlackElo "1405"]
[PlyCount "85"]
[WhiteFideId "12941115"]
[BlackFideId "12917168"]
[EventCountry "GER"]
[EventRounds "11"]
[EventType "swiss"]
[EventDate "2012.05.26"]

1. e4 d6 2. d4 Nf6 3. Nc3 e5 4. Nf3 Nbd7 5. Bc4 Be7 6. O-O O-O 7. Bg5 c6 8.
Bxf6 Bxf6 9. d5 cxd5 10. Nxd5 Nc5 11. Re1 Bg4 12. h3 Bh5 13. b4 Ne6 14. Qd3 Nc7
15. Rad1 Ne8 16. Rd2 Rc8 17. Bb3 Bg6 18. Qe3 b6 19. Red1 Be7 20. Ba4 f5 21.
Bxe8 Rxe8 22. Nxe7+ Qxe7 23. exf5 Bxf5 24. Rxd6 Rxc2 25. g4 Be6 26. Qxe5 Bxa2
27. Qxe7 Rxe7 28. Ng5 Bf7 29. Rd8+ Re8 30. R1d7 Rce2 31. Nxf7 Rxd8 32. Nxd8 Rb2
33. Nc6 a6 34. Ra7 Rc2 35. Ne5 h6 36. Rxa6 Re2 37. Nd7 b5 38. Rb6 Rd2 39. Nc5
Rc2 40. Rxb5 Rc3 41. Rb8+ Kf7 42. Rb7+ Kf6 43. Ne4+ 1-0

[Event "DEM U12 2012"]
[Site "Oberhof GER"]
[Date "2012.05.30"]
[Round "7"]
[White "Kuhn, Magnus"]
[Black "Walker, Julia"]
[Result "1/2-1/2"]
[Termination "normal"]
[Board "27"]
[WhiteElo "1658"]
[BlackElo "1370"]
[PlyCount "72"]
[WhiteFideId "12926345"]
[BlackFideId "1271852"]
[EventCountry "GER"]
[EventRounds "11"]
[EventType "swiss"]
[EventDate "2012.05.26"]

1. e4 e5 2. Nf3 Nc6 3. Bb5 a6 4. Ba4 Nf6 5. O-O b5 6. Bb3 Bc5 7. c3 d6 8. d4
Bb6 9. Bg5 O-O 10. h3 h6 11. Bh4 Qe7 12. Re1 Bb7 13. d5 Nb8 14. Nbd2 Nbd7 15.
Nf1 Qe8 16. Qd2 Nh5 17. Bg3 f5 18. exf5 Rxf5 19. Bc2 Rf8 20. b3 Nf4 21. Bxf4
Rxf4 22. Re4 Rxe4 23. Bxe4 Nf6 24. Ng3 Nxe4 25. Nxe4 Qg6 26. Re1 Rf8 27. Kf1
Bc8 28. Qe2 Qf7 29. c4 Bxh3 30. gxh3 Qxf3 31. Qxf3 Rxf3 32. Kg2 Rf8 33. Rc1
bxc4 34. Rxc4 Kf7 35. Rc6 Ke7 36. f3 Rd8 1/2-1/2

[Event "DEM U12 2012"]
[Site "Oberhof GER"]
[Date "2012.05.30"]
[Round "7"]
[White "Schamber, Dennis"]
[Black "Sanati, Charlotte"]
[Result "0-1"]
[Termination "normal"]
[Board "28"]
[WhiteElo "1108"]
[BlackElo "1644"]
[PlyCount "72"]
[WhiteFideId "12952176"]
[BlackFideId "12907707"]
[EventCountry "GER"]
[EventRounds "11"]
[EventType "swiss"]
[EventDate "2012.05.26"]

1. e4 e5 2. d4 exd4 3. Qxd4 Nc6 4. Qe3 Nf6 5. Nc3 Bb4 6. Bd2 d6 7. O-O-O Be6 8.
f4 Qe7 9. f5 Bd7 10. Bd3 Ne5 11. Re1 Bc5 12. Qe2 Nfg4 13. Nf3 Nxd3+ 14. cxd3
Bc6 15. h3 Ne5 16. Be3 Bxe3+ 17. Qxe3 b5 18. Nd4 Qd7 19. Nxc6 Qxc6 20. Kd2 Qd7
21. b3 b4 22. Nd5 c5 23. d4 cxd4 24. Qxd4 O-O 25. Nxb4 Rac8 26. Rc1 Rc7 27.
Rxc7 Qxc7 28. Rc1 Qa5 29. Ke3 Rd8 30. a4 h6 31. Nc6 Nxc6 32. Rxc6 Qe1+ 33. Kd3
Qd1+ 34. Kc4 Qc2+ 35. Kb5 Qxb3+ 36. Qb4 Rb8+ 0-1

[Event "DEM U12 2012"]
[Site "Oberhof GER"]
[Date "2012.05.30"]
[Round "7"]
[White "Müller, Sophie"]
[Black "Moses, Selina"]
[Result "0-1"]
[Termination "normal"]
[Board "29"]
[WhiteElo "1435"]
[BlackElo "1677"]
[PlyCount "114"]
[WhiteFideId "12926698"]
[BlackFideId "12908070"]
[EventCountry "GER"]
[EventRounds "11"]
[EventType "swiss"]
[EventDate "2012.05.26"]

1. Nf3 d5 2. g3 Nf6 3. Bg2 c6 4. O-O Bf5 5. d3 h6 6. c4 e6 7. a3 a5 8. Bd2 Be7
9. Nc3 O-O 10. Na2 dxc4 11. dxc4 Ne4 12. Nc3 Nxd2 13. Qxd2 Qxd2 14. Nxd2 Bf6
15. Rac1 Rd8 16. Rfd1 Nd7 17. Nde4 Bxe4 18. Bxe4 Nc5 19. Bd3 Nxd3 20. exd3 Rd7
21. Rc2 Rad8 22. Rcd2 Bg5 23. f4 Bf6 24. Ne4 Bd4+ 25. Kg2 Be3 26. Re2 Rxd3 27.
Rxd3 Rxd3 28. Nf2 Bxf2 29. Kxf2 Kf8 30. Ke1 Ke7 31. Rd2 Rxd2 32. Kxd2 Kd6 33.
b4 axb4 34. axb4 b5 35. Kd3 e5 36. f5 h5 37. h3 g6 38. fxg6 fxg6 39. cxb5 cxb5
40. Ke4 Ke6 41. g4 hxg4 42. hxg4 g5 43. Ke3 Kd5 44. Kd3 e4+ 45. Ke3 Ke5 46. Ke2
Kf4 47. Kf2 Kxg4 48. Ke3 Kf5 49. Ke2 Kf4 50. Kf2 g4 51. Ke2 g3 52. Kf1 Kf3 53.
Kg1 g2 54. Kh2 Kf2 55. Kh3 g1=Q 56. Kh4 Qg6 57. Kh3 Qg3# 0-1

[Event "DEM U12 2012"]
[Site "Oberhof GER"]
[Date "2012.05.30"]
[Round "7"]
[White "Shevelko, Alexander"]
[Black "Sauer, Annika"]
[Result "1-0"]
[Termination "normal"]
[Board "30"]
[WhiteElo "1373"]
[BlackElo "1501"]
[PlyCount "75"]
[WhiteFideId "12952125"]
[BlackFideId "12952052"]
[EventCountry "GER"]
[EventRounds "11"]
[EventType "swiss"]
[EventDate "2012.05.26"]

1. d4 d5 2. c4 e6 3. Nc3 Nf6 4. e3 c6 5. Nf3 Nbd7 6. Bd3 Be7 7. O-O O-O 8. b3
Bd6 9. Bb2 e5 10. cxd5 cxd5 11. dxe5 Nxe5 12. Be2 Bc7 13. Nb5 Ned7 14. Nxc7
Qxc7 15. Rc1 Qd6 16. Nd4 Nb6 17. Nb5 Qd8 18. Ba3 Bf5 19. Bxf8 Kxf8 20. Bd3 Bxd3
21. Qxd3 a6 22. Nd4 g6 23. Rc2 Ng4 24. Rfc1 Kg7 25. Qc3 Kh6 26. h3 Nf6 27. Qc7
Ne4 28. Qxd8 Rxd8 29. Nf3 f5 30. Rc7 Nd6 31. Ne5 Re8 32. Nf7+ Nxf7 33. Rxf7 Na8
34. Rxb7 Re6 35. Rc8 Nb6 36. Rh8 Kg5 37. f4+ Kh4 38. Kh2 1-0

[Event "DEM U12 2012"]
[Site "Oberhof GER"]
[Date "2012.05.30"]
[Round "7"]
[White "Wiesner, Alexander"]
[Black "Cejda, Cecilia"]
[Result "1-0"]
[Termination "normal"]
[Board "31"]
[WhiteElo "1474"]
[BlackElo "1330"]
[PlyCount "43"]
[WhiteFideId "12943991"]
[BlackFideId "12921122"]
[EventCountry "GER"]
[EventRounds "11"]
[EventType "swiss"]
[EventDate "2012.05.26"]

1. d4 d5 2. c4 e6 3. Nc3 c6 4. Nf3 f5 5. Bf4 Be7 6. e3 Nd7 7. Be2 Ngf6 8. Ng5
Nf8 9. Be5 Ng6 10. Bg3 Ne4 11. Ngxe4 fxe4 12. O-O O-O 13. f3 Bh4 14. Bxh4 Nxh4
15. fxe4 Qg5 16. Rxf8+ Kxf8 17. Qf1+ Kg8 18. Qf2 Bd7 19. Rf1 e5 20. Qf7+ Kh8
21. Qf8+ Rxf8 22. Rxf8# 1-0